|
|
|
|
| LEADER |
00000cam a2200000 7i4500 |
| 001 |
0000051790 |
| 005 |
20150909.0 |
| 008 |
150909 |
| 020 |
|
|
|a 9832852811(set)
|
| 020 |
|
|
|a 9833704018
|
| 090 |
0 |
0 |
|a MOR
|b MAL
|
| 100 |
0 |
|
|a Syed Mahadzir
|
| 245 |
1 |
0 |
|a Budin Hidung Kembang
|c Syed Mahadzir
|
| 260 |
|
|
|a Selangor :
|b Cooray's House Of Publication Sdn Bhd ,
|c (s.n)
|
| 490 |
0 |
|
|a Siri Hentikan Buli
|
| 999 |
|
|
|a 0001042859
|b Book
|c Children Collection
|e Cawangan Taman Universiti
|
| 999 |
|
|
|a 0001042860
|b Book
|c Children Collection
|e Cawangan Tangkak
|
| 999 |
|
|
|a 0001052022
|b Book
|c Children Collection
|e Cawangan Taman Universiti
|
| 999 |
|
|
|a 0001052024
|b Book
|c Children Collection
|e Cawangan Mersing
|
| 999 |
|
|
|a 0001052025
|b Book
|c Children Collection
|e Cawangan Pontian
|
| 999 |
|
|
|a 0001075543
|b Book
|c Children Collection
|e Cawangan Segamat
|
| 999 |
|
|
|a 0001075596
|b Book
|c Children Collection
|e Cawangan Taman Sri Lambak
|
| 999 |
|
|
|a 0001075762
|b Book
|c Children Collection
|e Cawangan Bandar Penawar
|
| 999 |
|
|
|a 0001130685
|b Book
|c Children Collection
|e Cawangan Bandar Penawar
|
| 999 |
|
|
|a 0001130701
|b Book
|c Children Collection
|e Cawangan Taman Universiti
|
| 999 |
|
|
|a 0001133983
|b Book
|c Children Collection
|e Cawangan Tangkak
|